00775 a2200133 4500003000500000005001700005040000900022082002000031100001900051245005300070260003600123300001000159505047200169Nust20221228171108.0 cNust a621.3880028,KIN aGordon J. King aTelevision Servicing Hand book /cGordon J. King alondonbBilling and sonscc1970 a357p; aIntroduction (Page-9), No Sound Vision (Page-16), No Raster (Page-23), No Sound Or Vision (Page-48), No Raster Sound (Page-69), Fault-Tracing (Page-83), Servicing The Time Base (Page-98), Synchronizing Faults (Page-134), Vision A.G.C Sys(Page-166), Picture Tube (Page-181), Receiver Alignment (Page-194), Miscellaneous Faults (Page-216), Colour Television (Page-238),Television In The U.H.F Bands (Page270),Dual Standard (Page-284),Transistor Television (Page-319).